[Event "Titled Tuesday intern op 21st Dec"]
[Site "Chess.com INT"]
[Date "2021.12.21"]
[Round "1"]
[White "Abdulla, Khayala Mardan Qizi"]
[Black "Dobrov, Vladimir"]
[Result "0-1"]
[WhiteElo "2219"]
[BlackElo "2478"]
[PlyCount "110"]
[EventDate "2021.12.21"]
[EventType "swiss (blitz)"]
[EventRounds "11"]
[EventCountry "USA"]
[SourceTitle "CBM 205 Extra"]
[Source "ChessBase"]
[SourceDate "2022.01.31"]
[SourceVersion "1"]
[SourceVersionDate "2022.01.31"]
[SourceQuality "1"]

1. e4 c5 2. c4 Nc6 3. Ne2 Nf6 4. Nbc3 e6 5. g3 Ne5 6. Bg2 Nd3+ 7. Kf1 Ng4 8. Qc2 Ngxf2 9. Nf4 Nxf4 10. Kxf2 Nxg2 11. Kxg2 b6 12. Rf1 Bb7 13. d3 Be7 14. Qf2 O-O 15. Kg1 f5 16. e5 Qc7 17. Bf4 Qc6 18. Qe2 Qh1+ 19. Kf2 Qxh2+ 20. Ke1 Qxe2+ 21. Kxe2 g5 22. Be3 Kg7 23. Rf2 Kg6 24. Rh2 h5 25. Rf1 Rh8 26. Nd1 Rh7 27. Nf2 Rah8 28. Rg1 g4 29. Kd2 Bg5 30. Nd1 h4 31. gxh4 Rxh4 32. Rxh4 Rxh4 33. Bxg5 Kxg5 34. Kc3 Rh2 35. Ne3 Kf4 36. Nf1 Rh3 37. a3 a5 38. Nd2 Kxe5 39. b3 Kf6 40. Kc2 Rh1 41. Rg3 Kg5 42. Re3 Rh2 43. Kc3 f4 44. Re5+ Kf6 45. Re1 g3 46. d4 Rxd2 47. Kxd2 cxd4 48. Kd3 e5 49. b4 axb4 50. axb4 d6 51. Ra1 g2 52. Ke2 f3+ 53. Kf2 e4 54. Ra7 e3+ 55. Kg1 f2+ 0-1

[Event "Titled Tuesday intern op 21st Dec"]
[Site "Chess.com INT"]
[Date "2021.12.21"]
[Round "1"]
[White "Abdulla, Murad"]
[Black "Terry, Renato"]
[Result "1/2-1/2"]
[WhiteElo "2287"]
[BlackElo "2504"]
[PlyCount "114"]
[EventDate "2021.12.21"]
[EventType "swiss (blitz)"]
[EventRounds "11"]
[EventCountry "USA"]
[SourceTitle "CBM 205 Extra"]
[Source "ChessBase"]
[SourceDate "2022.01.31"]
[SourceVersion "1"]
[SourceVersionDate "2022.01.31"]
[SourceQuality "1"]

1. e4 e6 2. d4 d5 3. exd5 exd5 4. Bd3 Nc6 5. c3 Bd6 6. Ne2 Qh4 7. b4 Nf6 8. Nd2 Ng4 9. Ng3 O-O 10. Nf3 Re8+ 11. Be2 Qe7 12. a4 Bd7 13. Ra2 Nf6 14. O-O Ne4 15. Nxe4 dxe4 16. Ne1 Qh4 17. g3 Qh3 18. Ng2 Rad8 19. Bf4 Bc8 20. f3 Bf5 21. b5 exf3 22. Bxf3 Na5 23. Bxd6 Rxd6 24. Nf4 Qh6 25. Re2 Rf8 26. Rfe1 g5 27. Ng2 c6 28. Re5 Be6 29. Qd2 Kh8 30. Rxg5 Qf6 31. Be4 cxb5 32. Rh5 Nc4 33. Rxh7+ Kg8 34. Qc1 Bd5 35. Rf1 Bxe4 36. Rxf6 Bxh7 37. Rxd6 Nxd6 38. axb5 Re8 39. Qg5+ Bg6 40. Nf4 Ne4 41. Qg4 Nf6 42. Qg5 Ne4 43. Qg4 Nf6 44. Qh4 Kg7 45. Qg5 Re1+ 46. Kg2 Rb1 47. h4 Rb2+ 48. Kh3 Nh7 49. Qe5+ Kh6 50. g4 f6 51. g5+ fxg5 52. Nxg6 Kxg6 53. Qe6+ Kh5 54. Qg4+ Kh6 55. Qe6+ Kh5 56. Qf7+ Kh6 57. Qe6+ Kh5 1/2-1/2

[Event "Titled Tuesday intern op 21st Dec"]
[Site "Chess.com INT"]
[Date "2021.12.21"]
[Round "1"]
[White "Adury, Anant"]
[Black "Jeet, Jain"]
[Result "1/2-1/2"]
[WhiteElo "1855"]
[BlackElo "2279"]
[PlyCount "166"]
[EventDate "2021.12.21"]
[EventType "swiss (blitz)"]
[EventRounds "11"]
[EventCountry "USA"]
[SourceTitle "CBM 205 Extra"]
[Source "ChessBase"]
[SourceDate "2022.01.31"]
[SourceVersion "1"]
[SourceVersionDate "2022.01.31"]
[SourceQuality "1"]

1. Nf3 d5 2. c4 e6 3. d4 Nf6 4. Nc3 Be7 5. Bg5 h6 6. Bxf6 Bxf6 7. e3 O-O 8. Bd3 c6 9. O-O a6 10. Qc2 Nd7 11. Rad1 b5 12. b3 Bb7 13. e4 b4 14. Ne2 dxe4 15. Bxe4 Qc7 16. Ng3 a5 17. Rfe1 c5 18. d5 exd5 19. cxd5 a4 20. d6 Qb6 21. Nh5 axb3 22. axb3 Bc3 23. Rf1 Rfe8 24. Bxb7 Qxb7 25. Qf5 Ne5 26. d7 Nxf3+ 27. Qxf3 Qc7 28. dxe8=Q+ Rxe8 29. Nf4 Qe5 30. Nd5 Bd4 31. Ne3 Qe6 32. Nc4 Qg6 33. Qg3 Qc2 34. Qd3 Qa2 35. Rd2 Qa8 36. Re2 Rd8 37. Qf3 Qa7 38. Rd1 Qc7 39. Red2 Qe7 40. g3 Re8 41. Kg2 Kh7 42. Rd3 g6 43. R3d2 h5 44. h4 Qe6 45. Rxd4 cxd4 46. Rxd4 Re7 47. Rf4 Kg7 48. Rd4 Kh7 49. Rd3 Kg7 50. Qd5 Qe2 51. Qd4+ Kh7 52. Rf3 Qe6 53. Qd6 Qe4 54. Qxb4 Rd7 55. Qf8 Rb7 56. Qd8 Rxb3 57. Qf6 Rxf3 58. Qxf3 Qxc4 59. Qe3 Kg7 60. Qe5+ Kh7 61. Qf6 Qd5+ 62. Kh2 Kg8 63. Kg1 Qd2 64. Kh2 Qe2 65. Kg1 Kf8 66. Kh2 Ke8 67. Kg2 Qc4 68. Kg1 Qd5 69. Qf4 Ke7 70. Qg5+ Qxg5 71. hxg5 Ke6 72. f4 Kf5 73. Kf2 Kg4 74. Kg2 h4 75. gxh4 Kxf4 76. Kh3 Kf3 77. h5 gxh5 78. Kh4 Kf4 79. Kxh5 Kf5 80. Kh4 Kf4 81. Kh5 Kf5 82. Kh4 f6 83. gxf6 Kxf6 1/2-1/2

[Event "Titled Tuesday intern op 21st Dec"]
[Site "Chess.com INT"]
[Date "2021.12.21"]
[Round "1"]
[White "Alfaro Caracas, William"]
[Black "Aradhya, Garg"]
[Result "0-1"]
[WhiteElo "2152"]
[BlackElo "2236"]
[PlyCount "72"]
[EventDate "2021.12.21"]
[EventType "swiss (blitz)"]
[EventRounds "11"]
[EventCountry "USA"]
[SourceTitle "CBM 205 Extra"]
[Source "ChessBase"]
[SourceDate "2022.01.31"]
[SourceVersion "1"]
[SourceVersionDate "2022.01.31"]
[SourceQuality "1"]

1. d4 d5 2. c4 c6 3. Nf3 Nf6 4. Nc3 dxc4 5. a4 Bf5 6. g3 Na6 7. Bg2 Nb4 8. O-O e6 9. Ne5 Bc2 10. Qd2 Bb3 11. e3 Bd6 12. f4 O-O 13. Qe2 Bxe5 14. fxe5 Nfd5 15. Bd2 Bc2 16. Nxd5 Nxd5 17. Qxc4 Bg6 18. a5 Rc8 19. Rac1 h5 20. a6 Qb6 21. axb7 Qxb7 22. b3 h4 23. Ra1 hxg3 24. hxg3 Rb8 25. e4 Ne7 26. Rfb1 Rfd8 27. Be3 Nd5 28. Bg5 Rd7 29. exd5 cxd5 30. Qc5 Rc7 31. Qxa7 Qxa7 32. Rxa7 Rxa7 33. Rb2 Rab7 34. b4 Rxb4 35. Rxb4 Rxb4 36. Be7 Rxd4 0-1

[Event "Titled Tuesday intern op 21st Dec"]
[Site "Chess.com INT"]
[Date "2021.12.21"]
[Round "1"]
[White "Altman, Joshua"]
[Black "Sailer, Mike L"]
[Result "1-0"]
[WhiteElo "2095"]
[BlackElo "2109"]
[PlyCount "36"]
[EventDate "2021.12.21"]
[EventType "swiss (blitz)"]
[EventRounds "11"]
[EventCountry "USA"]
[SourceTitle "CBM 205 Extra"]
[Source "ChessBase"]
[SourceDate "2022.01.31"]
[SourceVersion "1"]
[SourceVersionDate "2022.01.31"]
[SourceQuality "1"]

1. d4 d5 2. c4 Bf5 3. cxd5 Bxb1 4. Qa4+ Qd7 5. Qxd7+ Nxd7 6. Rxb1 Ngf6 7. Nf3 Nxd5 8. e4 Nb4 9. a3 Nc6 10. Bc4 e6 11. Bf4 O-O-O 12. O-O Be7 13. b4 a6 14. Rfc1 h6 15. Bxa6 g5 16. Bg3 Bd6 17. Bxd6 cxd6 18. Rxc6+ Kb8 1-0

[Event "Titled Tuesday intern op 21st Dec"]
[Site "Chess.com INT"]
[Date "2021.12.21"]
[Round "1"]
[White "Ardila, Oscar Humberto"]
[Black "Perdomo, Carlos Andres"]
[Result "0-1"]
[WhiteElo "1988"]
[BlackElo "2301"]
[PlyCount "106"]
[EventDate "2021.12.21"]
[EventType "swiss (blitz)"]
[EventRounds "11"]
[EventCountry "USA"]
[SourceTitle "CBM 205 Extra"]
[Source "ChessBase"]
[SourceDate "2022.01.31"]
[SourceVersion "1"]
[SourceVersionDate "2022.01.31"]
[SourceQuality "1"]

1. e4 c5 2. Nf3 e6 3. Nc3 a6 4. d3 b5 5. Be3 Bb7 6. a4 b4 7. Ne2 d5 8. exd5 Qxd5 9. Nf4 Qd7 10. Ne5 Qc7 11. Nc4 Nd7 12. f3 Ngf6 13. Be2 Nd5 14. Nxd5 exd5 15. Nd2 Bd6 16. Nf1 O-O 17. Qd2 Rfe8 18. O-O-O Rxe3 19. Nxe3 d4 20. g3 dxe3 21. Qxe3 Nf6 22. Qf2 Qa5 23. b3 Be5 24. Rhe1 Bd4 25. Qf1 Nd5 26. f4 Nc3 27. Bf3 Bxf3 28. Qxf3 Rf8 29. Rd2 Nxa4 30. bxa4 Qxa4 31. Kd1 Qa1+ 32. Ke2 Re8+ 33. Qe4 Rxe4+ 34. dxe4 Qc3 35. Red1 Qe3+ 36. Kf1 Qg1+ 37. Ke2 Qxh2+ 38. Kd3 Qxg3+ 39. Kc4 Qxf4 40. Re2 Qf3 41. Rde1 Qc3+ 42. Kd5 h5 43. e5 a5 44. e6 fxe6+ 45. Rxe6 Bf6 46. Re8+ Kf7 47. R1e2 Qd4+ 48. Kc6 a4 49. R8e4 Qc3 50. Kb5 a3 51. R4e3 a2 52. Rxc3 Bxc3 53. Rf2+ Kg6 0-1

[Event "Titled Tuesday intern op 21st Dec"]
[Site "Chess.com INT"]
[Date "2021.12.21"]
[Round "1"]
[White "Arias, Juan Cruz"]
[Black "Nikulina, Alena"]
[Result "1-0"]
[WhiteElo "2269"]
[BlackElo "1923"]
[PlyCount "37"]
[EventDate "2021.12.21"]
[EventType "swiss (blitz)"]
[EventRounds "11"]
[EventCountry "USA"]
[SourceTitle "CBM 205 Extra"]
[Source "ChessBase"]
[SourceDate "2022.01.31"]
[SourceVersion "1"]
[SourceVersionDate "2022.01.31"]
[SourceQuality "1"]

1. d4 d5 2. Nf3 Nf6 3. e3 e6 4. Bd3 c5 5. c3 Bd6 6. O-O O-O 7. Nbd2 Nbd7 8. Re1 b6 9. e4 dxe4 10. Nxe4 Nxe4 11. Bxe4 Rb8 12. dxc5 Nxc5 13. Bxh7+ Kxh7 14. Ng5+ Kg6 15. b4 Bb7 16. bxc5 Bxc5 17. Qc2+ Kh5 18. Qh7+ Kg4 19. Qh3# 1-0

[Event "Titled Tuesday intern op 21st Dec"]
[Site "Chess.com INT"]
[Date "2021.12.21"]
[Round "1"]
[White "Artemenko, Oleg"]
[Black "Pesotskiy, Mikhail"]
[Result "1-0"]
[WhiteElo "2246"]
[BlackElo "2217"]
[PlyCount "31"]
[EventDate "2021.12.21"]
[EventType "swiss (blitz)"]
[EventRounds "11"]
[EventCountry "USA"]
[SourceTitle "CBM 205 Extra"]
[Source "ChessBase"]
[SourceDate "2022.01.31"]
[SourceVersion "1"]
[SourceVersionDate "2022.01.31"]
[SourceQuality "1"]

1. d4 Nf6 2. Nc3 d5 3. Bf4 c6 4. f3 Bf5 5. g4 Bg6 6. h4 h6 7. e3 Qb6 8. Bd3 Qxb2 9. Nge2 Bxd3 10. cxd3 Qa3 11. Kf2 e6 12. g5 Nh5 13. g6 f6 14. Bh2 Nd7 15. Qc2 Bd6 16. Nb1 1-0

[Event "Titled Tuesday intern op 21st Dec"]
[Site "Chess.com INT"]
[Date "2021.12.21"]
[Round "1"]
[White "Astafurov, Arseniy"]
[Black "Diaz Camallonga, Carles"]
[Result "0-1"]
[WhiteElo "2263"]
[BlackElo "2463"]
[PlyCount "120"]
[EventDate "2021.12.21"]
[EventType "swiss (blitz)"]
[EventRounds "11"]
[EventCountry "USA"]
[SourceTitle "CBM 205 Extra"]
[Source "ChessBase"]
[SourceDate "2022.01.31"]
[SourceVersion "1"]
[SourceVersionDate "2022.01.31"]
[SourceQuality "1"]

1. c4 e6 2. g3 d5 3. Bg2 dxc4 4. Qa4+ Bd7 5. Qxc4 Bc6 6. Nf3 Nd7 7. O-O Ngf6 8. d3 Bd6 9. Nc3 O-O 10. a3 Bxf3 11. Bxf3 Ne5 12. Qf4 Nxd3 13. Qe3 Nxc1 14. Raxc1 c6 15. Rfd1 Qe7 16. Kg2 Rfd8 17. h4 h6 18. b4 a5 19. b5 Bxa3 20. Rb1 Nd5 21. Nxd5 cxd5 22. b6 Bc5 23. Qd3 Rd6 24. e4 dxe4 25. Qxe4 Rxb6 26. Rxb6 Bxb6 27. Rb1 Qc5 28. Qxb7 Qxf2+ 29. Kh3 Rf8 30. Rxb6 a4 31. Ra6 Qd4 32. Ra7 g6 33. h5 g5 34. Ra5 Rd8 35. Ra7 Qf6 36. Be4 Rd4 37. Ra8+ Kg7 38. Ra5 g4+ 39. Kh2 Qf2+ 40. Bg2 Rd1 41. Qa7 Qxa7 42. Rxa7 Rd4 43. Ra5 f5 44. Kg1 Kf6 45. Kf2 Kg5 46. Ke3 Rb4 47. Bf1 Rb3+ 48. Bd3 a3 49. Kd4 Kxh5 50. Bc4 Rxg3 51. Bxe6 Rf3 52. Bxf5 Kh4 53. Be4 Rf8 54. Rxa3 g3 55. Ke3 Kh3 56. Ra6 h5 57. Rg6 h4 58. Bd5 Kh2 59. Rg4 h3 60. Ke2 g2 0-1

[Event "Titled Tuesday intern op 21st Dec"]
[Site "Chess.com INT"]
[Date "2021.12.21"]
[Round "1"]
[White "Avazkhonov, Alikhon"]
[Black "Rozen, Eytan"]
[Result "0-1"]
[WhiteElo "1538"]
[BlackElo "2371"]
[PlyCount "32"]
[EventDate "2021.12.21"]
[EventType "swiss (blitz)"]
[EventRounds "11"]
[EventCountry "USA"]
[SourceTitle "CBM 205 Extra"]
[Source "ChessBase"]
[SourceDate "2022.01.31"]
[SourceVersion "1"]
[SourceVersionDate "2022.01.31"]
[SourceQuality "1"]

1. f4 d5 2. Nf3 c5 3. g3 h5 4. h3 Nh6 5. d3 Nc6 6. Be3 Nf5 7. Bf2 g6 8. Bg2 Bg7 9. c3 e5 10. Nbd2 exf4 11. gxf4 d4 12. Ne4 O-O 13. O-O Qb6 14. Qb3 Be6 15. Qxb6 axb6 16. cxd4 Ncxd4 0-1

[Event "Titled Tuesday intern op 21st Dec"]
[Site "Chess.com INT"]
[Date "2021.12.21"]
[Round "1"]
[White "Baches Garcia, Guillermo"]
[Black "Babazada, Khazar Araz"]
[Result "1/2-1/2"]
[WhiteElo "2329"]
[BlackElo "2429"]
[PlyCount "107"]
[EventDate "2021.12.21"]
[EventType "swiss (blitz)"]
[EventRounds "11"]
[EventCountry "USA"]
[SourceTitle "CBM 205 Extra"]
[Source "ChessBase"]
[SourceDate "2022.01.31"]
[SourceVersion "1"]
[SourceVersionDate "2022.01.31"]
[SourceQuality "1"]

1. e4 Nf6 2. e5 Nd5 3. d4 Nb6 4. c4 d6 5. exd6 cxd6 6. Nc3 g6 7. Bd3 Bg7 8. Nge2 O-O 9. O-O Nc6 10. d5 Nb4 11. b3 Nxd3 12. Qxd3 Bf5 13. Qd2 e5 14. dxe6 Bxe6 15. Bb2 Qh4 16. Rad1 Rad8 17. Qf4 Qh5 18. Ng3 Qa5 19. Rd3 d5 20. cxd5 Nxd5 21. Nxd5 Bxb2 22. Nb4 Rxd3 23. Nxd3 Qxa2 24. Ne4 Qxb3 25. Ne5 f5 26. Ng5 Qd5 27. Qh4 Rf7 28. Nexf7 Bxf7 29. Qxh7+ Kf8 30. Qxf7+ Qxf7 31. Nxf7 Kxf7 32. Rb1 Bd4 33. Rxb7+ Kf6 34. Rb4 Bb6 35. Kf1 Ke5 36. Ke2 g5 37. f3 Kd5 38. g4 fxg4 39. Rxg4 Bd8 40. Re4 a5 41. Kd3 Bf6 42. Kc2 Be5 43. h3 Ke6 44. Kb3 Kf5 45. Ka4 Bf4 46. Kxa5 Kg6 47. Kb4 Kh5 48. Kc4 Kh4 49. Kd5 Kg3 50. Ke6 Kxf3 51. Kf5 Kg3 52. h4 Kxh4 53. Rxf4+ gxf4 54. Kxf4 1/2-1/2

[Event "Titled Tuesday intern op 21st Dec"]
[Site "Chess.com INT"]
[Date "2021.12.21"]
[Round "1"]
[White "Baidetsky, Valentin"]
[Black "Plotnikov, Pavel"]
[Result "0-1"]
[WhiteElo "2419"]
[BlackElo "2297"]
[PlyCount "94"]
[EventDate "2021.12.21"]
[EventType "swiss (blitz)"]
[EventRounds "11"]
[EventCountry "USA"]
[SourceTitle "CBM 205 Extra"]
[Source "ChessBase"]
[SourceDate "2022.01.31"]
[SourceVersion "1"]
[SourceVersionDate "2022.01.31"]
[SourceQuality "1"]

1. d4 d5 2. Bf4 Nf6 3. e3 g6 4. Nf3 Bg7 5. h3 O-O 6. c3 c5 7. Nbd2 Nc6 8. Be2 Qb6 9. Qb3 c4 10. Qa3 Nd7 11. b3 e5 12. Bg3 exd4 13. exd4 cxb3 14. axb3 Re8 15. Bf4 Nf6 16. Be3 Ne4 17. Nxe4 dxe4 18. Nd2 Qc7 19. Nc4 b5 20. Nd6 Rd8 21. Nxb5 Qb8 22. Qc5 Bb7 23. O-O a6 24. Na3 Bf8 25. Qg5 Be7 26. Qh6 Bf8 27. Qh4 Be7 28. Bg5 Bxg5 29. Qxg5 Qc7 30. Nc4 Ne7 31. Ne3 Kg7 32. Rfc1 f6 33. Qa5 Qd7 34. c4 Nc6 35. Qc3 Nxd4 36. Bf1 Nf5 37. Rd1 Qe6 38. Qb4 Bc6 39. Nxf5+ gxf5 40. Qb6 Rd7 41. Rxd7+ Qxd7 42. Qc5 Rb8 43. b4 Qe6 44. Rxa6 Rc8 45. b5 Bb7 46. Qxc8 Qxc8 47. Ra4 Qc5 0-1

[Event "Titled Tuesday intern op 21st Dec"]
[Site "Chess.com INT"]
[Date "2021.12.21"]
[Round "1"]
[White "Bakalchuk, Johnatan"]
[Black "Matveeva, Olga"]
[Result "1/2-1/2"]
[WhiteElo "2438"]
[BlackElo "2171"]
[PlyCount "69"]
[EventDate "2021.12.21"]
[EventType "swiss (blitz)"]
[EventRounds "11"]
[EventCountry "USA"]
[SourceTitle "CBM 205 Extra"]
[Source "ChessBase"]
[SourceDate "2022.01.31"]
[SourceVersion "1"]
[SourceVersionDate "2022.01.31"]
[SourceQuality "1"]

1. e4 e6 2. d4 d5 3. Nc3 Nf6 4. Bg5 Bb4 5. exd5 exd5 6. Qf3 c6 7. O-O-O Be6 8. Bxf6 Qxf6 9. Qxf6 gxf6 10. Bd3 Nd7 11. Nge2 Rg8 12. Ng3 Nf8 13. Nce2 O-O-O 14. c3 Bd6 15. Rhg1 Ng6 16. Nh5 Be7 17. Neg3 Nh4 18. Rde1 h6 19. Nf4 Kd7 20. Ngh5 a5 21. Re2 a4 22. Rge1 Nxg2 23. Nxg2 Rxg2 24. Nf4 Rxh2 25. Nxe6 fxe6 26. Rxe6 Bd6 27. Bf5 Kc7 28. Rxf6 Rxf2 29. Rf7+ Kb6 30. Re6 Bf4+ 31. Kb1 Rf1+ 32. Kc2 Rf2+ 33. Kb1 Rf1+ 34. Kc2 Rf2+ 35. Kb1 1/2-1/2

[Event "Titled Tuesday intern op 21st Dec"]
[Site "Chess.com INT"]
[Date "2021.12.21"]
[Round "1"]
[White "Barria Zuniga, Daniel"]
[Black "Langner, Ladislav"]
[Result "1-0"]
[WhiteElo "2341"]
[BlackElo "2370"]
[PlyCount "101"]
[EventDate "2021.12.21"]
[EventType "swiss (blitz)"]
[EventRounds "11"]
[EventCountry "USA"]
[SourceTitle "CBM 205 Extra"]
[Source "ChessBase"]
[SourceDate "2022.01.31"]
[SourceVersion "1"]
[SourceVersionDate "2022.01.31"]
[SourceQuality "1"]

1. d4 Nf6 2. c4 g6 3. Nc3 d5 4. Bf4 Bg7 5. e3 O-O 6. Rc1 c5 7. dxc5 Be6 8. Nf3 dxc4 9. Ng5 Bd5 10. e4 Bc6 11. Qxd8 Rxd8 12. Bxc4 e6 13. f3 h6 14. Nh3 Nbd7 15. b4 e5 16. Be3 Nf8 17. Ke2 Bd7 18. Nf2 Be6 19. Bxe6 Nxe6 20. Rhd1 a6 21. Nd5 Ne8 22. Nd3 N8c7 23. Nxc7 Nxc7 24. a4 Ne6 25. Nb2 Bf8 26. a5 Be7 27. Nc4 f6 28. Nb6 Rab8 29. Nd5 Kf7 30. Rd2 Rdc8 31. Rcd1 Nc7 32. Nxc7 Rxc7 33. Rd5 Ke6 34. Kd3 Rd7 35. Kc4 Rc7 36. g4 g5 37. h4 Rbc8 38. Rh1 Rb8 39. h5 Rbc8 40. Rb1 Rb8 41. b5 axb5+ 42. Rxb5 Rc6 43. Rd3 Bf8 44. Rdb3 Rc7 45. Rb6+ Kf7 46. a6 Rbc8 47. Rxb7 Ke6 48. R3b6+ Rc6 49. a7 Bxc5 50. Rxc6+ Rxc6 51. Bxc5 1-0

[Event "Titled Tuesday intern op 21st Dec"]
[Site "Chess.com INT"]
[Date "2021.12.21"]
[Round "1"]
[White "Bentivegna, Francesco"]
[Black "Macovei, Andrei"]
[Result "0-1"]
[WhiteElo "2281"]
[BlackElo "2454"]
[PlyCount "68"]
[EventDate "2021.12.21"]
[EventType "swiss (blitz)"]
[EventRounds "11"]
[EventCountry "USA"]
[SourceTitle "CBM 205 Extra"]
[Source "ChessBase"]
[SourceDate "2022.01.31"]
[SourceVersion "1"]
[SourceVersionDate "2022.01.31"]
[SourceQuality "1"]

1. e4 e5 2. Nf3 Nc6 3. Bc4 Nf6 4. Ng5 d5 5. exd5 Na5 6. Bb5+ c6 7. dxc6 bxc6 8. Bd3 Nd5 9. Nf3 Bd6 10. O-O O-O 11. Re1 Re8 12. Nc3 f5 13. Bf1 e4 14. Nxd5 cxd5 15. Nd4 Qh4 16. g3 Qf6 17. Nb3 Nc4 18. d3 Ne5 19. dxe4 dxe4 20. Qd5+ Be6 21. Qxd6 Nf3+ 22. Kh1 Nxe1 23. Nc5 Nxc2 24. Nxe6 Nxa1 25. Bc4 Kh8 26. Bg5 Rxe6 27. Qd5 Rd8 28. Qxe6 Qxg5 29. Kg2 Nc2 30. h4 Qf6 31. Qxe4 fxe4 32. Bg8 Qf3+ 33. Kh2 Ne1 34. Kh3 h5 0-1

[Event "Titled Tuesday intern op 21st Dec"]
[Site "Chess.com INT"]
[Date "2021.12.21"]
[Round "1"]
[White "Berezin, Viktor1"]
[Black "Ibarra Jerez, Jose Carlos"]
[Result "0-1"]
[WhiteElo "2307"]
[BlackElo "2567"]
[PlyCount "54"]
[EventDate "2021.12.21"]
[EventType "swiss (blitz)"]
[EventRounds "11"]
[EventCountry "USA"]
[SourceTitle "CBM 205 Extra"]
[Source "ChessBase"]
[SourceDate "2022.01.31"]
[SourceVersion "1"]
[SourceVersionDate "2022.01.31"]
[SourceQuality "1"]

1. d4 Nf6 2. Nf3 g6 3. g3 Bg7 4. Bg2 O-O 5. O-O d6 6. a4 Na6 7. Nc3 c5 8. e4 cxd4 9. Nxd4 Nc5 10. Re1 a6 11. b4 Ncd7 12. Bb2 Nb6 13. Qd3 e5 14. Nb3 Be6 15. Nd2 Rc8 16. Rad1 Qc7 17. Nb3 Nc4 18. Ba1 Qb6 19. b5 axb5 20. axb5 Rfd8 21. Nd2 Nxd2 22. Qxd2 Bc4 23. Rb1 Ng4 24. h3 Bh6 25. Nd5 Bxd5 26. Qxd5 Qxf2+ 27. Kh1 Rxc2 0-1

[Event "Titled Tuesday intern op 21st Dec"]
[Site "Chess.com INT"]
[Date "2021.12.21"]
[Round "1"]
[White "Bilan, Danila"]
[Black "Duneas, John"]
[Result "1-0"]
[WhiteElo "2303"]
[BlackElo "2071"]
[PlyCount "85"]
[EventDate "2021.12.21"]
[EventType "swiss (blitz)"]
[EventRounds "11"]
[EventCountry "USA"]
[SourceTitle "CBM 205 Extra"]
[Source "ChessBase"]
[SourceDate "2022.01.31"]
[SourceVersion "1"]
[SourceVersionDate "2022.01.31"]
[SourceQuality "1"]

1. d4 e6 2. Nf3 d5 3. c4 Nf6 4. Nc3 c6 5. Bg5 Be7 6. e3 Ne4 7. Bxe7 Qxe7 8. Nxe4 dxe4 9. Nd2 f5 10. g3 O-O 11. Bg2 e5 12. dxe5 Qxe5 13. Qc2 Be6 14. O-O Nd7 15. Nb3 Nc5 16. Nd4 Nd3 17. Rfd1 Rfd8 18. Bf1 Nb4 19. Qb3 c5 20. Nxe6 Qxe6 21. a3 Nc6 22. Qxb7 Ne5 23. Rd5 Nf3+ 24. Kg2 Rab8 25. Qxa7 Rbc8 26. Rad1 Rxd5 27. Rxd5 Ne1+ 28. Kg1 Nf3+ 29. Kh1 Qh6 30. h3 Ng5 31. Qd7 Rf8 32. Rxf5 g6 33. Rxf8+ Qxf8 34. Qd5+ Nf7 35. Bg2 Kg7 36. Bxe4 Qe7 37. Kg2 Qf6 38. Bf3 Qxb2 39. Qxc5 Qc2 40. Qd4+ Kf8 41. h4 Qf5 42. c5 Ne5 43. Qf4 1-0

[Event "Titled Tuesday intern op 21st Dec"]
[Site "Chess.com INT"]
[Date "2021.12.21"]
[Round "1"]
[White "Blokhin, Sofia"]
[Black "Aldokhin, Ivan"]
[Result "0-1"]
[WhiteElo "2032"]
[BlackElo "2413"]
[PlyCount "40"]
[EventDate "2021.12.21"]
[EventType "swiss (blitz)"]
[EventRounds "11"]
[EventCountry "USA"]
[SourceTitle "CBM 205 Extra"]
[Source "ChessBase"]
[SourceDate "2022.01.31"]
[SourceVersion "1"]
[SourceVersionDate "2022.01.31"]
[SourceQuality "1"]

1. e4 c5 2. Nf3 e6 3. d4 cxd4 4. Nxd4 a6 5. Nc3 Qc7 6. a3 Nf6 7. f3 Nc6 8. Be3 Be7 9. Qd2 O-O 10. O-O-O b5 11. g4 Bb7 12. h4 Ne5 13. h5 Rac8 14. Nb1 Nxf3 15. Nxf3 Nxe4 16. Qh2 Ng3 17. Bb6 Qxb6 18. Qxg3 Qe3+ 19. Nbd2 Be4 20. c3 Rxc3+ 0-1

[Event "Titled Tuesday intern op 21st Dec"]
[Site "Chess.com INT"]
[Date "2021.12.21"]
[Round "1"]
[White "Botea, David Alexandru"]
[Black "Sinitsina, Anastassia"]
[Result "0-1"]
[WhiteElo "1909"]
[BlackElo "2159"]
[PlyCount "124"]
[EventDate "2021.12.21"]
[EventType "swiss (blitz)"]
[EventRounds "11"]
[EventCountry "USA"]
[SourceTitle "CBM 205 Extra"]
[Source "ChessBase"]
[SourceDate "2022.01.31"]
[SourceVersion "1"]
[SourceVersionDate "2022.01.31"]
[SourceQuality "1"]

1. e4 e5 2. Nf3 Nc6 3. Nc3 Nf6 4. d4 exd4 5. Nxd4 Bb4 6. Nxc6 bxc6 7. Bd3 d5 8. exd5 cxd5 9. O-O O-O 10. h3 h6 11. Qf3 c6 12. Bf4 Bd6 13. Rfe1 Rb8 14. b3 Rb4 15. Bxd6 Qxd6 16. Qg3 Qxg3 17. fxg3 Be6 18. a3 Rbb8 19. b4 Rfc8 20. Na4 Nd7 21. Rab1 Re8 22. Rec1 f6 23. Kf2 Bf7 24. Bf5 Ne5 25. Nc5 Bg6 26. Bxg6 Nxg6 27. c4 dxc4 28. Rxc4 Rbd8 29. Re4 Rd2+ 30. Kf1 Rxe4 31. Nxe4 Ra2 32. Rc1 Ne5 33. Rc3 Kf8 34. Nc5 Ke7 35. Nd3 Kd6 36. Nf4 Rd2 37. Ne2 Rd3 38. Rxd3+ Nxd3 39. Nd4 g6 40. Ke2 Ne5 41. Nb3 Nc4 42. a4 Nb2 43. a5 Nc4 44. Kd3 Ne5+ 45. Kd4 Nd7 46. Nc5 Nxc5 47. bxc5+ Ke6 48. Ke4 f5+ 49. Kd4 g5 50. a6 h5 51. h4 g4 52. Ke3 Kd5 53. Kf4 Kxc5 54. Kxf5 Kd5 55. Kg5 c5 56. Kxh5 c4 57. Kg6 c3 58. h5 c2 59. h6 c1=Q 60. h7 Qc3 61. Kf7 Qh8 62. Kg6 Kc6 0-1

[Event "Titled Tuesday intern op 21st Dec"]
[Site "Chess.com INT"]
[Date "2021.12.21"]
[Round "1"]
[White "Buchenau, Frank"]
[Black "Sevgi, Volkan"]
[Result "0-1"]
[WhiteElo "2265"]
[BlackElo "2344"]
[PlyCount "110"]
[EventDate "2021.12.21"]
[EventType "swiss (blitz)"]
[EventRounds "11"]
[EventCountry "USA"]
[SourceTitle "CBM 205 Extra"]
[Source "ChessBase"]
[SourceDate "2022.01.31"]
[SourceVersion "1"]
[SourceVersionDate "2022.01.31"]
[SourceQuality "1"]

1. e4 c6 2. Nf3 d5 3. Nc3 dxe4 4. Nxe4 Nf6 5. Qe2 Bg4 6. Nxf6+ gxf6 7. h3 Bh5 8. g3 Nd7 9. Bg2 e6 10. d3 Bd6 11. Bd2 a5 12. g4 Bg6 13. Nh4 Qc7 14. Nxg6 hxg6 15. O-O-O a4 16. a3 Bf4 17. Bxf4 Qxf4+ 18. Qe3 Qxe3+ 19. fxe3 f5 20. gxf5 gxf5 21. d4 Nf6 22. Bf3 O-O 23. Rdg1+ Kh8 24. h4 Rg8 25. Rg5 Nh7 26. Rgg1 Rg6 27. Bh5 Rg7 28. Rxg7 Kxg7 29. Rg1+ Kf6 30. Kd2 Rh8 31. Bf3 Ke7 32. c4 Nf6 33. h5 Rh7 34. Kc3 Nxh5 35. Rh1 Nf6 36. Rxh7 Nxh7 37. Kb4 Kd6 38. Kxa4 Ng5 39. Bg2 f6 40. c5+ Kc7 41. b4 e5 42. Kb3 f4 43. exf4 exf4 44. Kc4 f3 45. Bf1 Ne4 46. Kd3 Ng3 47. Bh3 f2 48. Ke3 f1=Q 49. Bxf1 Nxf1+ 50. Ke4 Nd2+ 51. Kf5 Nc4 52. Kxf6 Nxa3 53. d5 cxd5 54. Ke5 Kc6 55. Kd4 Nb5+ 0-1